000 00293nam a2200133Ia 4500
100 _aOrlov/ P.
942 _cBK
654 _aMachine Design
245 _aFundamentals of Machine Design
260 _bMir Publishers
_aMoscow
_c1980
082 _a621.815
300 _a386
546 _aENGLISH
999 _c28850
_d28850